1577 1661 1924 1299 1318 1512 1427 1193 1103 1545 1995 1094 1109 1355 1313 1632 1515 1255 1254 1183 1733 1738 1117 1190 1733 1986 1706 1670 1289 1784 1590 1492 1708 1545 1302 1534 1425 1196 1203 1763 1122 1665 1830 1644 1359 1722 1843 1055 1962 1511 1329 1299 1318 1296 1882 1458 1808 1833 1457 1757 1905 1766 1693 1296 1421 1919 1853 1504 1714 1693 1859 1599 1274 1304 1909 1548 1540 1560 1134 1887 1664 1305 1023 1688 1609 1332 1532 1133 1363 1538 1498 1085 1399 1270 1502 1089 1962 1684 1204 BCNSPRNW ULIB Ver.6.0+V

เปลี่ยนเป็นภาษาไทย

Change to English
 แสดงรายละเอียดบรรณานุกรม
  กลับหน้าหลัก

Brief Record : Get Marc (ISO 2709) : E-mail record : QR code < ปิดหน้าต่าง
LEADER : 00000nam 2200000uu 4500
001    13399129114
003     ULIB
008    250717s2024||||th 000 0 tha d
020    ^a9781975223052
060 0  ^aWY18.2^bM391I
100 0  ^aMary Alexander, and Cora Vizcarra.
245 0  ^aInfusion Nurses Society Core curriculum for infusion nursing / ^c; editors, Mary Alexander, and Cora Vizcarra
250    ^a5th ed.
260    ^aPhiladelphia : ^bWolters Kluwer, ^c2024.
300    ^axiii, 278 p. : ^bill. ; ^c26 cm.
650  0 ^aIntravenous therapy^xOutlines, Syllabi, Ect.
650  0 ^aNursing^vOutlines, syllabi, etc.
700 1  ^aAlexander, Mary
700 1  ^aVizcarra, Cora
945    ^p3043^l0^i011872
999    ^aประนอม เกษจรัล
รายการนี้ยังไม่มีแท็ก
คุณยังไม่ได้ล็อกอิน คุณสามารถมีกิจกรรมร่วมกับเว็บไซต์ได้ แต่ต้องล็อกอินก่อน ::
  ล็อกอิน

รายการสื่อสารสนเทศ

ลำดับที่ ประเภท เลขเรียก/บาร์โค้ด สถานที่ สถานะ
1. Book การพยาบาล
หนังสือสำรอง
สถานะ=หนังสือสำรอง
WY18.2 M391I ฉ.1 
  Barcode: 011872
ห้องสมุดวิทยาเขตสวรรค์ประชารักษ์
►หนังสือทั่วไป
บนชั้น

BibComment


ยังไม่เคยถูกคอมเมนท์

คอมเมนท์ทรัพยากรรายการนี้
  คอมเมนท์: Infusion Nurses ..


 Copyright 2026. Bcnsprnw @Library